Dialects of Kurdish - Statistics

General Stats
  • This quiz has been taken 48 times
  • The average score is 4 of 8
Answer Stats
Cyrillic Kurdo-Arabic Latin Yazidi Dialect % Correct
Сорани
سۆرانی
Soranî
𐺑𐺥𐺍𐺀𐺢𐺨
Sorani
100%
Горани
گۆرانی
Goranî
𐺟𐺥𐺍𐺀𐺢𐺨
Gorani
85%
Кӧрманщи
کورمانجی
Kurmancî
𐺝𐺣𐺍𐺡𐺀𐺢𐺆𐺨
Kurmanji
79%
Бадини
بادینی
Badînî
𐺁𐺀𐺋𐺨𐺢𐺨
Badini
74%
Кьрманщки
کرمانجکی
Kirmanckî
𐺝𐺍𐺡𐺀𐺢𐺆𐺝𐺨
Zazaki
47%
Ләки
لەکی
Lekî
𐺠𐺦𐺝𐺨
Laki
41%
Шәбәки
شەبەکی
Şebekî
𐺒𐺦𐺁𐺦𐺝𐺨
Shabaki
12%
Пәһләwани
پەهلەوانی
Pehlewanî
𐺂𐺦𐺧𐺠𐺦𐺤𐺀𐺢𐺨
Palewani
3%
No matching quizzes found
Score Distribution
Percent of People with Each Score
Percentile by Number Answered
Your Score History
You have not taken this quiz